Strategic management : concepts,practice and cases

Bibliographic Details
Main Author: Thomas, Joe G.
Format: Book
Published: New York : Harper & Row , 1988
Subjects:

MARC

LEADER 00000cam a2200000 7i4500
001 0000000278
005 20030616.0
020 |a 0060466766 
040 |a INS 
090 0 0 |a HD30.28.   |b T53 1988 
100 1 |a Thomas, Joe G. 
245 1 0 |a Strategic management :   |b concepts,practice and cases   |c Joe G.Thomas 
260 |a New York :   |b Harper & Row ,   |c 1988 
300 |a xxii, 982p. ;   |c 24 cm. 
650 0 0 |a Strategic planning 
999 |a 0000004558   |b BOOK   |c Open Shelf   |e Default branch